000 00613nam a2200241Ia 4500
005 20250425160650.0
008 250425s9999 xx 000 0 und d
041 _aspa
043 _aec
082 _a382
100 _aAROSEMENA AROSEMENA, GUILLERMO
245 0 _aEL COMERCIO EXTERIOR DEL ECUADOR : PERIODO COLONIAL, LA AUDIENCIA DE QUITO
250 _a1A ED.
260 _aEcuador
_bS.E.
_c1992
260 _aGUAYAQUIL
300 _a325
650 _aACUERDOS COMERCIALES
650 _aCOMERCIO EXTERIOR
650 _aECUADOR
710 _aAROSEMENA. GUILLERMO
942 _c01
010 _a1802
999 _c193710
_d193710